000 01005nam a22003137a 4500
001 BR7901240
003 BR-BrBNA
005 20230928085943.0
007 ta
008 230509b bl.||||| |||| 00| 0 por d
040 _aBR-BrBNA
_bpor
_cBiblioteca Nacional de Agricultura
041 _a(Por)
072 _aL30; L50
_b5300
_b0331
_b8959
_b8954
090 _ 5300 BR7901240
100 1 _aBertolin, A.
110 1 _aUniversidade Federal de Minas Gerais, Belo Horizonte (Brasil). Escola de Veterinaria
_0Tese (Mestrado)
245 1 _aFarelo de mamona destoxicado em racoes para suinos em crescimento e terminacao [Ricinus communis; Digestibilidade]
260 3 _aBelo Horizonte, MG (Brasil):
_c1978.
300 _a60 p.
500 _a26 tables; Bibliography p. 39-49 (78 ref.); Summary (Por)
650 _aNutricao animal
650 _aFarelo
650 _aMamona
650 _aRacao
650 _aSuino
650 _aDigestibilidade
909 _a202309
_bLucia
_c55
_dLucia Elande
942 _cBK
999 _c27158
_d27158